The Major Prophets - Statistics

General Stats
  • This quiz has been taken 50 times
  • The average score is 3 of 5
Answer Stats
Books % Correct
Ezekiel
70%
Isaiah
70%
Jeremiah
68%
Daniel
60%
Lamentations
38%
No matching quizzes found
Score Distribution
Percent of People with Each Score
Percentile by Number Answered
Your Score History
You have not taken this quiz